[Event "Madrid ch Veteranos  2019-2020"]
[Site "Maddrid ESP"]
[Date "2020.01.13"]
[Round "1.24"]
[White "Santos Rodriguez, Jose"]
[Black "Barahona Torrijos, Angel"]
[Result "0-1"]
[WhiteElo "1498"]
[BlackElo "1857"]
[PlyCount "72"]
[EventDate "2020.01.13"]
[EventType "swiss"]
[EventRounds "9"]
[EventCountry "ESP"]
[SourceTitle "Ajedrez en Madrid"]
[Source "lmi"]
[SourceDate "2020.01.13"]
[SourceVersion "1"]
[SourceVersionDate "2020.01.27"]
[SourceQuality "1"]

1. d4 Nf6 2. Bf4 d5 3. e3 Bf5 4. c4 c6 5. Nc3 e6 6. a3 Bd6 7. Bxd6 Qxd6 8. Nf3
O-O 9. Be2 Nbd7 10. O-O h6 11. cxd5 exd5 12. b4 a6 13. Qb3 Ne4 14. Nxe4 Bxe4
15. a4 Rfc8 16. Rfc1 b6 17. Nd2 a5 18. Nxe4 dxe4 19. Bc4 axb4 20. Bxf7+ Kh8 21.
Rc2 c5 22. Rac1 Nf6 23. Be6 Rc7 24. d5 Rca7 25. Ra2 Qe5 26. Rd1 Ne8 27. Rc1 Nd6
28. g3 Nb5 29. d6 Nc3 30. Rd2 Rd8 31. Bc4 Rxd6 32. Rxc3 Rxd2 33. Rc1 Rad7 34.
Bb5 Rb2 35. Qc4 Rdd2 36. Rf1 Qf5 0-1

[Event "Madrid ch Veteranos  2019-2020"]
[Site "Maddrid ESP"]
[Date "2020.01.13"]
[Round "1.26"]
[White "Prieto Gonzalez, Cesar"]
[Black "Garcia Herranz, Jesus"]
[Result "0-1"]
[WhiteElo "1480"]
[BlackElo "1853"]
[PlyCount "56"]
[EventDate "2020.01.13"]
[EventType "swiss"]
[EventRounds "9"]
[EventCountry "ESP"]
[SourceTitle "Ajedrez en Madrid"]
[Source "lmi"]
[SourceDate "2020.01.13"]
[SourceVersion "1"]
[SourceVersionDate "2020.01.27"]
[SourceQuality "1"]

1. e4 e5 2. Nf3 Nc6 3. Bb5 a6 4. Ba4 Nf6 5. d3 b5 6. Bb3 Be7 7. O-O d6 8. a4 b4
9. a5 O-O 10. Nbd2 Bg4 11. Re1 Nd4 12. c3 Nxb3 13. Qxb3 bxc3 14. bxc3 Nh5 15.
h3 Be6 16. c4 Rb8 17. Qd1 Nf4 18. Nf1 f5 19. Bxf4 exf4 20. Nd4 Bd7 21. Nxf5
Bxf5 22. exf5 Rxf5 23. Nd2 Bf6 24. Ra2 Bc3 25. Re4 c5 26. Nb3 Qf6 27. d4 f3 28.
g4 Rf4 0-1

[Event "Madrid ch Veteranos  2019-2020"]
[Site "Maddrid ESP"]
[Date "2020.01.13"]
[Round "1.27"]
[White "Campos Calvo-Sotelo, Juan"]
[Black "Beekhof Harmsen, Willen"]
[Result "1-0"]
[WhiteElo "1850"]
[BlackElo "1470"]
[PlyCount "31"]
[EventDate "2020.01.13"]
[EventType "swiss"]
[EventRounds "9"]
[EventCountry "ESP"]
[SourceTitle "Ajedrez en Madrid"]
[Source "lmi"]
[SourceDate "2020.01.13"]
[SourceVersion "1"]
[SourceVersionDate "2020.01.27"]
[SourceQuality "1"]

1. b4 e5 2. a3 g6 3. Bb2 Bg7 4. f4 d6 5. Nf3 Ne7 6. fxe5 dxe5 7. Nxe5 O-O 8. e3
b6 9. Be2 Bb7 10. O-O Nd7 11. Nxd7 Bxb2 12. Ra2 Bg7 13. Nxf8 Kxf8 14. Bf3 Bxf3
15. Qxf3 a5 16. Qxf7# 1-0

[Event "Madrid ch Veteranos  2019-2020"]
[Site "Maddrid ESP"]
[Date "2020.01.13"]
[Round "1.28"]
[White "Nevado Muñoz, Rafael"]
[Black "Pashov, Spas Nikolov"]
[Result "1-0"]
[WhiteElo "1467"]
[BlackElo "1847"]
[PlyCount "121"]
[EventDate "2020.01.13"]
[EventType "swiss"]
[EventRounds "9"]
[EventCountry "ESP"]
[SourceTitle "Ajedrez en Madrid"]
[Source "lmi"]
[SourceDate "2020.01.13"]
[SourceVersion "1"]
[SourceVersionDate "2020.01.27"]
[SourceQuality "1"]

1. d4 Nf6 2. c4 g6 3. Nc3 d5 4. e3 Bg7 5. Nf3 O-O 6. Qc2 b6 7. Be2 dxc4 8. Bxc4
Ba6 9. b3 c5 10. dxc5 Bxc4 11. bxc4 bxc5 12. O-O Nc6 13. a3 Rb8 14. Rb1 Rxb1
15. Nxb1 Qb6 16. Nc3 Na5 17. Na4 Qc7 18. Bd2 Rb8 19. Rd1 e6 20. Be1 Ne8 21. Rd3
Bf8 22. Bxa5 Qxa5 23. Nd2 Rd8 24. Rxd8 Qxd8 25. Nc3 Qa5 26. Ncb1 Nd6 27. Kf1
Bg7 28. Ke2 h6 29. Qd3 Qb6 30. Qc2 Qa5 31. f3 Nf5 32. Qd3 Qc7 33. g3 h5 34. Nf1
Bf6 35. Nbd2 Kg7 36. Ne4 Be7 37. f4 f6 38. h3 Qc6 39. Kf2 h4 40. g4 Nd6 41.
Nfd2 f5 42. Nxd6 Qxd6 43. Qxd6 Bxd6 44. Kf3 e5 45. g5 Kf7 46. Nb3 Ke6 47. a4
Kd7 48. fxe5 Bxe5 49. Nxc5+ Kd6 50. Nd3 Bh2 51. e4 Bg1 52. exf5 gxf5 53. Kf4
Ke6 54. c5 Bh2+ 55. Kf3 Kd5 56. Nf4+ Ke5 57. Ng6+ Kd5 58. Nxh4 Kxc5 59. Nxf5
Kd5 60. Kg4 Ke6 61. Nd4+ 1-0

[Event "Madrid ch Veteranos  2019-2020"]
[Site "Maddrid ESP"]
[Date "2020.01.13"]
[Round "1.29"]
[White "Hernandez Recio, Roberto"]
[Black "Navas Marin, Felix"]
[Result "1-0"]
[WhiteElo "1846"]
[BlackElo "1451"]
[PlyCount "55"]
[EventDate "2020.01.13"]
[EventType "swiss"]
[EventRounds "9"]
[EventCountry "ESP"]
[SourceTitle "Ajedrez en Madrid"]
[Source "lmi"]
[SourceDate "2020.01.13"]
[SourceVersion "1"]
[SourceVersionDate "2020.01.27"]
[SourceQuality "1"]

1. d4 d5 2. c4 c6 3. cxd5 cxd5 4. Nc3 Nf6 5. Bg5 e6 6. e3 a6 7. Bd3 g6 8. Qf3
Bg7 9. Nge2 Nbd7 10. O-O O-O 11. e4 Qb6 12. e5 Ne8 13. Be7 Qxb2 14. Rab1 Qd2
15. h4 f6 16. Bxf8 Nxf8 17. exf6 Bxf6 18. g3 Qh6 19. Na4 Nd7 20. Qe3 Qxe3 21.
fxe3 b5 22. Nac3 Bb7 23. a4 Bc6 24. axb5 axb5 25. Nxb5 e5 26. Rfc1 e4 27. Bxe4
Bxb5 28. Bxd5+ 1-0

[Event "Madrid ch Veteranos  2019-2020"]
[Site "Maddrid ESP"]
[Date "2020.01.13"]
[Round "1.30"]
[White "Menendez Domens, Juan Manuel"]
[Black "Gonzalez-Ruano Perez, Cesar"]
[Result "0-1"]
[WhiteElo "1439"]
[BlackElo "1837"]
[PlyCount "70"]
[EventDate "2020.01.13"]
[EventType "swiss"]
[EventRounds "9"]
[EventCountry "ESP"]
[SourceTitle "Ajedrez en Madrid"]
[Source "lmi"]
[SourceDate "2020.01.13"]
[SourceVersion "1"]
[SourceVersionDate "2020.01.27"]
[SourceQuality "1"]

1. e4 d6 2. Nf3 Nd7 3. Bc4 e5 4. d3 h6 5. Nc3 Ngf6 6. a3 Be7 7. Nd5 c6 8. Nxe7
Qxe7 9. Qe2 Nf8 10. h3 g5 11. c3 Ng6 12. Nd2 Nf4 13. Qf1 Be6 14. Bxe6 Nxe6 15.
Nc4 Nc5 16. Nd2 O-O-O 17. b4 Na4 18. Nb1 d5 19. Qe2 dxe4 20. dxe4 Qd7 21. O-O
Qd3 22. Qxd3 Rxd3 23. f3 Rhd8 24. Ra2 Nxc3 25. Nxc3 Rxc3 26. Bb2 Rc2 27. Rc1
Re2 28. b5 Rdd2 29. bxc6 Rxg2+ 30. Kh1 Nh5 31. Bxe5 Rxa2 32. cxb7+ Kxb7 33.
Rc7+ Kb6 34. Rxf7 Rgd2 35. Bh2 Rd1+ 0-1

[Event "Madrid ch Veteranos  2019-2020"]
[Site "Maddrid ESP"]
[Date "2020.01.13"]
[Round "1.31"]
[White "Sanchez Peral, Pedro"]
[Black "Jimenez Ascarza, Jose Ignacio"]
[Result "1-0"]
[WhiteElo "1818"]
[BlackElo "1436"]
[PlyCount "83"]
[EventDate "2020.01.13"]
[EventType "swiss"]
[EventRounds "9"]
[EventCountry "ESP"]
[SourceTitle "Ajedrez en Madrid"]
[Source "lmi"]
[SourceDate "2020.01.13"]
[SourceVersion "1"]
[SourceVersionDate "2020.01.27"]
[SourceQuality "1"]

1. e4 c5 2. Nf3 Nc6 3. Bb5 g6 4. Bxc6 bxc6 5. O-O Bg7 6. c3 d5 7. exd5 cxd5 8.
d4 c4 9. b3 cxb3 10. axb3 Nf6 11. Re1 O-O 12. Nbd2 Qc7 13. c4 dxc4 14. bxc4 Be6
15. Ba3 Rfe8 16. Rc1 Bf5 17. Qa4 Bd7 18. Qa6 e6 19. Ne5 Bh6 20. Rc2 Bc8 21. Qa4
Bb7 22. c5 Bd5 23. Ndc4 Reb8 24. Bb4 Qb7 25. Ba5 Bxg2 26. c6 Bxc6 27. Nxc6 Rc8
28. N4e5 Nd5 29. Qa2 f6 30. Rb1 Qa6 31. Ng4 Rxc6 32. Rxc6 Qxc6 33. Nxh6+ Kg7
34. Ng4 Nf4 35. Ne3 Rc8 36. Be1 Nh3+ 37. Kf1 Nf4 38. d5 exd5 39. Qxa7+ Kh6 40.
Rb7 d4 41. Rxh7+ Kg5 42. h4# 1-0

[Event "Madrid ch Veteranos  2019-2020"]
[Site "Maddrid ESP"]
[Date "2020.01.13"]
[Round "1.32"]
[White "Abad Martin-Camuñas, Luis"]
[Black "Garcia Sanz, Eduardo"]
[Result "0-1"]
[WhiteElo "1394"]
[BlackElo "1815"]
[PlyCount "52"]
[EventDate "2020.01.13"]
[EventType "swiss"]
[EventRounds "9"]
[EventCountry "ESP"]
[SourceTitle "Ajedrez en Madrid"]
[Source "lmi"]
[SourceDate "2020.01.13"]
[SourceVersion "1"]
[SourceVersionDate "2020.01.27"]
[SourceQuality "1"]

1. e4 c5 2. Nf3 e6 3. d4 cxd4 4. Nxd4 a6 5. Nc3 Qc7 6. Bd3 Nc6 7. Nde2 Ne5 8.
Bf4 Nxd3+ 9. Qxd3 Qb6 10. Rb1 d6 11. Be3 Qc7 12. O-O Bd7 13. a4 b6 14. b4 Nf6
15. Rfd1 Be7 16. e5 dxe5 17. b5 a5 18. Ne4 Nxe4 19. Qxe4 O-O 20. c3 Rad8 21.
Rd3 f5 22. Rxd7 Rxd7 23. Qc2 Rfd8 24. Qb3 Qc4 25. Qc2 f4 26. Bxb6 Rd2 0-1

[Event "Madrid ch Veteranos  2019-2020"]
[Site "Maddrid ESP"]
[Date "2020.01.13"]
[Round "1.33"]
[White "Lozano Sanchez, Jose Antonio"]
[Black "Suarez Mencia, Roberto"]
[Result "1-0"]
[WhiteElo "1812"]
[BlackElo "1387"]
[PlyCount "89"]
[EventDate "2020.01.13"]
[EventType "swiss"]
[EventRounds "9"]
[EventCountry "ESP"]
[SourceTitle "Ajedrez en Madrid"]
[Source "lmi"]
[SourceDate "2020.01.13"]
[SourceVersion "1"]
[SourceVersionDate "2020.01.27"]
[SourceQuality "1"]

1. e4 c5 2. Nf3 Nc6 3. Bc4 e5 4. Nc3 Be7 5. d3 Nf6 6. a3 O-O 7. O-O a6 8. a4 d6
9. h3 Bd7 10. Nh2 Nd4 11. f4 Qc8 12. Nd5 Qd8 13. c3 Nc6 14. Nf3 h6 15. Be3 Rb8
16. Qd2 Nh7 17. Qf2 Kh8 18. fxe5 b5 19. axb5 axb5 20. Nxe7 Qxe7 21. exd6 Qe8
22. Bd5 c4 23. d4 Nd8 24. e5 Be6 25. Bxe6 fxe6 26. Qc2 Rb7 27. Qe4 Rbf7 28. Nd2
Rf5 29. Rxf5 Rxf5 30. Rf1 Rxf1+ 31. Kxf1 Qf7+ 32. Ke2 Nf8 33. Qf3 Qxf3+ 34.
Kxf3 Kh7 35. Ne4 Kg6 36. Nc5 Kh5 37. Na6 Ng6 38. Bf2 Kg5 39. Nc7 Nh4+ 40. Bxh4+
Kxh4 41. Nxb5 g5 42. d7 Nf7 43. Nd6 Nd8 44. Nxc4 h5 45. b4 1-0

[Event "Madrid ch Veteranos  2019-2020"]
[Site "Maddrid ESP"]
[Date "2020.01.13"]
[Round "1.34"]
[White "Infante Martin, Alonso"]
[Black "Minguela Muñoz, Bienvenido"]
[Result "0-1"]
[WhiteElo "1362"]
[BlackElo "1808"]
[PlyCount "72"]
[EventDate "2020.01.13"]
[EventType "swiss"]
[EventRounds "9"]
[EventCountry "ESP"]
[SourceTitle "Ajedrez en Madrid"]
[Source "lmi"]
[SourceDate "2020.01.13"]
[SourceVersion "1"]
[SourceVersionDate "2020.01.27"]
[SourceQuality "1"]

1. d4 Nf6 2. c4 d6 3. Nc3 g6 4. e4 Bg7 5. f3 Na6 6. a3 c5 7. e5 dxe5 8. dxe5
Qxd1+ 9. Nxd1 Nd7 10. f4 Nf8 11. Nf3 Ne6 12. Be3 Bd7 13. Nc3 Bc6 14. Be2 Rd8
15. O-O Nac7 16. b4 b6 17. b5 Bb7 18. a4 O-O 19. a5 Nd4 20. Bd1 Nce6 21. axb6
axb6 22. Ra7 Bxf3 23. gxf3 Ra8 24. Rxa8 Rxa8 25. Nd5 Nf5 26. Bf2 Ra2 27. Nxb6
Nxf4 28. Nd5 Nh3+ 29. Kg2 Nxf2 30. Rxf2 Rxf2+ 31. Kxf2 Bxe5 32. f4 Bd4+ 33. Ke2
e6 34. Nf6+ Bxf6 35. b6 Nd6 36. Kd3 Bd8 0-1

[Event "Madrid ch Veteranos  2019-2020"]
[Site "Maddrid ESP"]
[Date "2020.01.13"]
[Round "1.35"]
[White "Camarero Izquierdo, Juan Carlos"]
[Black "Navarro Corredor, Angel"]
[Result "1-0"]
[WhiteElo "1807"]
[BlackElo "1346"]
[PlyCount "81"]
[EventDate "2020.01.13"]
[EventType "swiss"]
[EventRounds "9"]
[EventCountry "ESP"]
[SourceTitle "Ajedrez en Madrid"]
[Source "lmi"]
[SourceDate "2020.01.13"]
[SourceVersion "1"]
[SourceVersionDate "2020.01.27"]
[SourceQuality "1"]

1. d4 Nf6 2. Nc3 d5 3. Bg5 Bf5 4. f3 Nc6 5. e4 dxe4 6. Bxf6 exf6 7. fxe4 Bd7 8.
Nf3 Bb4 9. Qd3 Bxc3+ 10. Qxc3 O-O 11. O-O-O a6 12. h4 Qe7 13. d5 Ne5 14. Qxc7
b5 15. Nxe5 fxe5 16. Qc3 Qd6 17. Kb1 b4 18. Qf3 a5 19. g4 a4 20. g5 f6 21. Qg3
Kh8 22. Bh3 f5 23. exf5 Bxf5 24. Bxf5 Rxf5 25. h5 Raf8 26. h6 g6 27. Rhe1 Rf4
28. Qe3 b3 29. axb3 axb3 30. Qxe5+ Qxe5 31. Rxe5 bxc2+ 32. Kxc2 Rc8+ 33. Kd3
Rb4 34. Rd2 Rg4 35. Rde2 Kg8 36. d6 Rf4 37. d7 Rd8 38. Re8+ Rf8 39. Rxf8+ Rxf8
40. Re8 Kf7 41. Rxf8+ 1-0

[Event "Madrid ch Veteranos  2019-2020"]
[Site "Maddrid ESP"]
[Date "2020.01.13"]
[Round "1.36"]
[White "Perales Hernandez, Manuel"]
[Black "Chidichimo, Pedro Jose Maria"]
[Result "1/2-1/2"]
[WhiteElo "1300"]
[BlackElo "1802"]
[PlyCount "119"]
[EventDate "2020.01.13"]
[EventType "swiss"]
[EventRounds "9"]
[EventCountry "ESP"]
[SourceTitle "Ajedrez en Madrid"]
[Source "lmi"]
[SourceDate "2020.01.13"]
[SourceVersion "1"]
[SourceVersionDate "2020.01.27"]
[SourceQuality "1"]

1. e4 e5 2. Bc4 Nf6 3. Nc3 Nxe4 4. Nxe4 d5 5. Nf3 dxc4 6. Qe2 Nc6 7. Qxc4 Be7
8. d3 O-O 9. Bg5 Be6 10. Bxe7 Qxe7 11. Qb5 Nb4 12. Kd2 f6 13. Nc5 Nd5 14. Nxe6
Qxe6 15. Rhe1 a6 16. Qb3 Nf4 17. Qxb7 Rab8 18. Qxc7 Rfc8 19. Qa7 Rxb2 20. Nd4
Qd6 21. Rac1 Qxd4 22. Qxd4 exd4 23. g3 Nd5 24. Re4 Nb4 25. Rxd4 Nxa2 26. Rf1
Rcxc2+ 27. Ke3 Re2+ 28. Kf3 Re5 29. g4 Kf7 30. h4 Rb4 31. Rd7+ Kg6 32. Ra7 h5
33. gxh5+ Rxh5 34. Rg1+ Kf5 35. Rxa6 Nc3 36. Ra5+ Rb5 37. Rxb5+ Nxb5 38. Rxg7
Rxh4 39. Rb7 Nd4+ 40. Ke3 Ke5 41. Re7+ Kd6 42. Re4 Nf5+ 43. Kf3 Rh5 44. Ke2 Kd5
45. Kf3 Nd4+ 46. Ke3 Rh3+ 47. f3 f5 48. Rxd4+ Ke5 49. Ra4 Rh2 50. d4+ Kd5 51.
Ra5+ Ke6 52. d5+ Kd6 53. Kf4 Rh5 54. Kg3 Rg5+ 55. Kh4 Rg1 56. Kh3 f4 57. Ra4
Rg3+ 58. Kh4 Rxf3 59. Kg4 Rc3 60. Kxf4 1/2-1/2

[Event "Madrid ch Veteranos  2019-2020"]
[Site "Maddrid ESP"]
[Date "2020.01.13"]
[Round "1.37"]
[White "Osorio Ramos, Francisco"]
[Black "Perez Ramos, Miguel Angel"]
[Result "1-0"]
[WhiteElo "1794"]
[BlackElo "1122"]
[PlyCount "53"]
[EventDate "2020.01.13"]
[EventType "swiss"]
[EventRounds "9"]
[EventCountry "ESP"]
[SourceTitle "Ajedrez en Madrid"]
[Source "lmi"]
[SourceDate "2020.01.13"]
[SourceVersion "1"]
[SourceVersionDate "2020.01.27"]
[SourceQuality "1"]

1. c4 e5 2. g3 Nf6 3. Bg2 c6 4. Nc3 d5 5. cxd5 cxd5 6. Qb3 e4 7. d3 Qb6 8. Qxb6
axb6 9. dxe4 Bb4 10. exd5 O-O 11. Bd2 Bd6 12. Nb5 Rd8 13. Nxd6 Rxd6 14. e4 Ng4
15. Bf4 Rg6 16. Nf3 b5 17. h3 Nf6 18. Ne5 Nxd5 19. Nxg6 hxg6 20. exd5 Bf5 21.
O-O Nd7 22. g4 Bd3 23. Rfd1 Bc4 24. b3 Be2 25. Rd2 Bxg4 26. hxg4 Nc5 27. Rc1
1-0

[Event "Madrid ch Veteranos  2019-2020"]
[Site "Maddrid ESP"]
[Date "2020.01.14"]
[Round "2.1"]
[White "Barahona Torrijos, Angel"]
[Black "Elissalt Cardenas, Hector"]
[Result "0-1"]
[WhiteElo "1857"]
[BlackElo "2270"]
[PlyCount "66"]
[EventDate "2020.01.13"]
[EventType "swiss"]
[EventRounds "9"]
[EventCountry "ESP"]
[SourceTitle "Ajedrez en Madrid"]
[Source "lmi"]
[SourceDate "2020.01.13"]
[SourceVersion "1"]
[SourceVersionDate "2020.01.27"]
[SourceQuality "1"]

1. e4 d6 2. Bc4 Nf6 3. d3 c6 4. Nf3 Nbd7 5. O-O e6 6. Qe2 d5 7. exd5 cxd5 8.
Bb3 Bd6 9. Nc3 O-O 10. Nb5 Bb8 11. a4 Nc5 12. Be3 Nxb3 13. cxb3 a6 14. Nc3 e5
15. Bg5 Re8 16. Qd2 d4 17. Bxf6 Qxf6 18. Ne4 Qb6 19. Rfe1 f5 20. Ng3 Bd7 21.
Qg5 Qf6 22. Qh5 Bd6 23. Rec1 Rac8 24. Nd2 Bb4 25. Nc4 b5 26. axb5 axb5 27. Na3
Qe6 28. Qd1 Qd5 29. f3 g6 30. Nc2 Bf8 31. b4 Bh6 32. Rcb1 Qb3 33. Ne3 Bxe3+ 0-1

[Event "Madrid ch Veteranos  2019-2020"]
[Site "Maddrid ESP"]
[Date "2020.01.14"]
[Round "2.2"]
[White "Nuñez Muñoz, Jesus"]
[Black "Viñas Lopez, Carlos"]
[Result "1-0"]
[WhiteElo "2162"]
[BlackElo "1860"]
[PlyCount "137"]
[EventDate "2020.01.13"]
[EventType "swiss"]
[EventRounds "9"]
[EventCountry "ESP"]
[SourceTitle "Ajedrez en Madrid"]
[Source "lmi"]
[SourceDate "2020.01.13"]
[SourceVersion "1"]
[SourceVersionDate "2020.01.27"]
[SourceQuality "1"]

1. e4 c5 2. Nf3 e6 3. d3 Nc6 4. Nbd2 d5 5. g3 g6 6. Bg2 Bg7 7. O-O Nge7 8. c3
O-O 9. Re1 Qc7 10. Nf1 d4 11. Bd2 Rb8 12. Qc2 Qd6 13. e5 Qd8 14. c4 h6 15. h4
Kh7 16. Bf4 b5 17. b3 Nb4 18. Qd2 bxc4 19. bxc4 Qa5 20. Rab1 Bd7 21. Rb2 Qa6
22. Rb3 Qxa2 23. Qxa2 Nxa2 24. Ra3 Nb4 25. Rxa7 Rfd8 26. Rb1 Nec6 27. Ra3 Ra8
28. Rba1 Rxa3 29. Rxa3 Bf8 30. Ne1 Be7 31. Be4 Kg7 32. Nf3 Rb8 33. Kg2 Rb6 34.
N1d2 Ra6 35. Rxa6 Nxa6 36. Nb3 Nab4 37. Kf1 Na2 38. Bd2 Ncb4 39. Bxb4 Nxb4 40.
Nfd2 f5 41. exf6+ Kxf6 42. Ke2 g5 43. hxg5+ hxg5 44. Bg2 Ba4 45. Ne4+ Kf5 46.
Nbxc5 Bc6 47. f3 g4 48. Nb3 gxf3+ 49. Bxf3 e5 50. Nbd2 Ba4 51. Nf2 Bg5 52. Be4+
Ke6 53. Nf3 Be7 54. Ng4 Bd6 55. Nh6 Bc6 56. Bxc6 Nxc6 57. Ng5+ Ke7 58. Nf5+ Kf6
59. Nxd6 Kxg5 60. Kf3 Kf6 61. Ke4 Ke6 62. Nf5 Nb4 63. Nh6 Nc6 64. g4 Ne7 65. g5
Ng6 66. Ng4 Kd6 67. Kf5 Ne7+ 68. Kf6 e4 69. dxe4 1-0

[Event "Madrid ch Veteranos  2019-2020"]
[Site "Maddrid ESP"]
[Date "2020.01.14"]
[Round "2.4"]
[White "Gonzalez-Ruano Perez, Cesar"]
[Black "Gonzalez Rivera, Eduardo"]
[Result "0-1"]
[WhiteElo "1837"]
[BlackElo "2024"]
[PlyCount "76"]
[EventDate "2020.01.13"]
[EventType "swiss"]
[EventRounds "9"]
[EventCountry "ESP"]
[SourceTitle "Ajedrez en Madrid"]
[Source "lmi"]
[SourceDate "2020.01.13"]
[SourceVersion "1"]
[SourceVersionDate "2020.01.27"]
[SourceQuality "1"]

1. e4 e5 2. Nf3 Nc6 3. Nc3 Nf6 4. d4 exd4 5. Nd5 Nxd5 6. exd5 Nb4 7. Nxd4 Qf6
8. Be3 Nxd5 9. Qd2 Nxe3 10. Qxe3+ Qe7 11. Nb5 Qxe3+ 12. fxe3 Bb4+ 13. c3 Ba5
14. O-O-O O-O 15. e4 d6 16. Nd4 Re8 17. Re1 Bd7 18. Bc4 Re7 19. Rhf1 g6 20. Rf4
c6 21. Ref1 Rf8 22. h3 b5 23. Bb3 c5 24. Ne2 c4 25. Bc2 d5 26. Nd4 Bc7 27. exd5
Bxf4+ 28. Rxf4 f5 29. a4 a6 30. b3 Re1+ 31. Kb2 cxb3 32. Bxb3 bxa4 33. Bc4 Rb8+
34. Ka2 Bb5 35. Nc6 Rbe8 36. Ne7+ R8xe7 37. d6+ Bxc4+ 38. Rxc4 Rd7 0-1

[Event "Madrid ch Veteranos  2019-2020"]
[Site "Maddrid ESP"]
[Date "2020.01.14"]
[Round "2.5"]
[White "Lorenzo Bailador, Alfredo"]
[Black "Garcia Martin, Esteban"]
[Result "0-1"]
[WhiteElo "2019"]
[BlackElo "1856"]
[PlyCount "162"]
[EventDate "2020.01.13"]
[EventType "swiss"]
[EventRounds "9"]
[EventCountry "ESP"]
[SourceTitle "Ajedrez en Madrid"]
[Source "lmi"]
[SourceDate "2020.01.13"]
[SourceVersion "1"]
[SourceVersionDate "2020.01.27"]
[SourceQuality "1"]

1. e4 c5 2. c3 Nf6 3. e5 Nd5 4. d4 cxd4 5. Nf3 d6 6. exd6 Qxd6 7. Bc4 Nb6 8.
Bb5+ Nc6 9. Nxd4 Bd7 10. Nxc6 Qxd1+ 11. Kxd1 bxc6 12. Bd3 e5 13. Re1 Bd6 14.
Nd2 O-O 15. Ne4 Be7 16. Be3 Rad8 17. Kc2 f5 18. Nc5 Bc8 19. f3 Kh8 20. Bg1 Bf6
21. g3 g5 22. Re2 h5 23. h3 Rg8 24. Rf1 Kg7 25. a4 Nd5 26. a5 Rge8 27. Rfe1 Kh6
28. Bh2 g4 29. hxg4 hxg4 30. fxg4 e4 31. Ba6 Bxa6 32. Nxa6 fxg4 33. Rxe4 Rxe4
34. Rxe4 Bg5 35. Bg1 Nf6 36. Re2 Rd5 37. b4 Nh5 38. Rg2 Rd7 39. Nc5 Re7 40. Bd4
Bf6 41. Kd3 Bxd4 42. Kxd4 Nf6 43. Rh2+ Kg6 44. Rh8 Ne8 45. Rg8+ Ng7 46. Ne4 Kf7
47. Rc8 Nf5+ 48. Kd3 Rxe4 49. Rxc6 Nxg3 50. Rc7+ Re7 51. Rc4 Rd7+ 52. Ke3 Nf5+
53. Kf4 Nh6 54. b5 Ke6 55. Kg5 Nf7+ 56. Kf4 Ne5 57. Re4 Rf7+ 58. Ke3 Rf3+ 59.
Kd2 Kd5 60. Rd4+ Kc5 61. b6 axb6 62. axb6 Kxb6 63. Ke2 Rxc3 64. Kf2 Kc5 65. Rd8
Rd3 66. Re8 Kd4 67. Kg2 Ke4 68. Rg8 Kf5 69. Rf8+ Kg5 70. Re8 Ng6 71. Rg8 Ra3
72. Rg7 Kf6 73. Rb7 Nf4+ 74. Kg1 Ra2 75. Rb8 Kg5 76. Rf8 Nh3+ 77. Kh1 Kh4 78.
Rf7 Ra1+ 79. Kh2 Ra2+ 80. Kh1 Ng5 81. Rb7 Kg3 0-1

[Event "Madrid ch Veteranos  2019-2020"]
[Site "Maddrid ESP"]
[Date "2020.01.14"]
[Round "2.6"]
[White "Serrano Baylin, Francisco"]
[Black "Campos Calvo-Sotelo, Juan"]
[Result "1/2-1/2"]
[WhiteElo "1956"]
[BlackElo "1850"]
[PlyCount "114"]
[EventDate "2020.01.13"]
[EventType "swiss"]
[EventRounds "9"]
[EventCountry "ESP"]
[SourceTitle "Ajedrez en Madrid"]
[Source "lmi"]
[SourceDate "2020.01.13"]
[SourceVersion "1"]
[SourceVersionDate "2020.01.27"]
[SourceQuality "1"]

1. c4 a6 2. g3 c6 3. Bg2 g6 4. Nc3 Bg7 5. e4 e5 6. Nge2 Ne7 7. O-O O-O 8. d3 d6
9. Be3 Nd7 10. Qd2 Nc5 11. Rad1 Ne6 12. d4 Qc7 13. dxe5 dxe5 14. Qd6 f5 15.
Qxc7 Nxc7 16. Bb6 Ne6 17. f4 fxe4 18. fxe5 Rxf1+ 19. Kxf1 Bxe5 20. Bxe4 Ng5 21.
Rd8+ Kg7 22. Bg2 Ne6 23. Rd2 Nf5 24. Ne4 c5 25. b3 Ne3+ 26. Kg1 Nxg2 27. Kxg2
Nd4 28. Nxd4 Bxd4 29. Bxc5 Bxc5 30. Nxc5 Bf5 31. g4 Bxg4 32. Nxb7 Ra7 33. Nc5
Bf5 34. Rd6 a5 35. a3 h5 36. Ne6+ Kf7 37. Nd4 Be4+ 38. Kf2 Bb1 39. c5 Be4 40.
Ke3 Bg2 41. Kf4 Rc7 42. b4 Bh1 43. c6 Re7 44. b5 Re4+ 45. Kg3 Re3+ 46. Kf2 Rxa3
47. c7 Bb7 48. Rb6 Bc8 49. Rb8 Bg4 50. c8=Q Bxc8 51. Rxc8 Ra2+ 52. Kg3 Rb2 53.
h4 Rb4 54. Rd8 a4 55. Kf3 a3 56. Nc2 Rxb5 57. Ra8 g5 1/2-1/2

[Event "Madrid ch Veteranos  2019-2020"]
[Site "Maddrid ESP"]
[Date "2020.01.14"]
[Round "2.7"]
[White "Cabañas Bravo, Juan Andres"]
[Black "Hernandez Recio, Roberto"]
[Result "1-0"]
[WhiteElo "1947"]
[BlackElo "1846"]
[PlyCount "73"]
[EventDate "2020.01.13"]
[EventType "swiss"]
[EventRounds "9"]
[EventCountry "ESP"]
[SourceTitle "Ajedrez en Madrid"]
[Source "lmi"]
[SourceDate "2020.01.13"]
[SourceVersion "1"]
[SourceVersionDate "2020.01.27"]
[SourceQuality "1"]

1. e4 c5 2. Nf3 g6 3. d4 cxd4 4. Nxd4 Bg7 5. Nc3 Nc6 6. Nxc6 bxc6 7. Bc4 e6 8.
Qd6 Qe7 9. Bf4 e5 10. Qxe7+ Nxe7 11. Be3 h5 12. O-O-O Bh6 13. Rd6 Bxe3+ 14.
fxe3 O-O 15. Na4 Kg7 16. Nc5 Ng8 17. Rf1 Nh6 18. h3 Re8 19. Nxd7 f5 20. Nc5
fxe4 21. Rff6 Bf5 22. Rxc6 Rac8 23. b4 Rb8 24. b5 Re7 25. a4 Ng8 26. Rfd6 g5
27. Bd5 g4 28. hxg4 hxg4 29. Nxe4 Kh8 30. Ng5 Rf8 31. Ne6 Bxe6 32. Rxe6 Rh7 33.
Rxe5 Ne7 34. Rce6 Rf1+ 35. Kb2 Nxd5 36. Rxd5 Rhf7 37. Rg5 1-0

[Event "Madrid ch Veteranos  2019-2020"]
[Site "Maddrid ESP"]
[Date "2020.01.14"]
[Round "2.8"]
[White "Garcia Sanz, Eduardo"]
[Black "Vazquez Gonzalez, Francisco"]
[Result "1-0"]
[WhiteElo "1815"]
[BlackElo "1931"]
[PlyCount "91"]
[EventDate "2020.01.13"]
[EventType "swiss"]
[EventRounds "9"]
[EventCountry "ESP"]
[SourceTitle "Ajedrez en Madrid"]
[Source "lmi"]
[SourceDate "2020.01.13"]
[SourceVersion "1"]
[SourceVersionDate "2020.01.27"]
[SourceQuality "1"]

1. c4 f5 2. Nf3 Nf6 3. g3 d6 4. d4 g6 5. Bg2 Bg7 6. O-O O-O 7. Qb3 c6 8. Nc3
Na6 9. Bf4 h6 10. h4 Kh7 11. Rad1 Nh5 12. e3 Qe8 13. d5 Nc5 14. Qc2 Bd7 15. Nd4
cxd5 16. cxd5 Rc8 17. Qd2 Bf6 18. e4 Nxf4 19. Qxf4 Be5 20. Qd2 f4 21. Nce2 fxg3
22. fxg3 Bg4 23. Rxf8 Qxf8 24. Rf1 Qg7 25. b4 Nd7 26. Ne6 Bxe6 27. dxe6 Nf6 28.
g4 g5 29. Rf5 Rg8 30. hxg5 hxg5 31. Rf3 Qg6 32. Rh3+ Kg7 33. Nd4 Nxg4 34. Nf5+
Kf8 35. Qd5 Bf4 36. Qxb7 Qxe6 37. Rh7 Be3+ 38. Nxe3 Rg7 39. Rxg7 Kxg7 40. Bh3
Qe5 41. Nf5+ Kh8 42. Bxg4 Qf4 43. Qxe7 Qxg4+ 44. Kf2 Qf4+ 45. Ke2 Qh2+ 46. Kd3
1-0